| 000 | 01476cam a22004454i 4500 | ||
|---|---|---|---|
| 003 | PE-LiUPU | ||
| 005 | 20250731172816.0 | ||
| 008 | 150617s r 000 0 d | ||
| 035 | _a(Sirsi) a13826 | ||
| 040 |
_aPE-LiUPU _bspa _cPE-LiUPU _erda |
||
| 049 | _aPRUA | ||
| 082 | 0 | 4 |
_a232.9 _bL96 _221 |
| 100 | 1 |
_aLudwig, Emil, _d1881-1948, _eautor. |
|
| 245 | 1 | 3 |
_aEl hijo del hombre : _b(vida de Jesús) / _cEmil Ludwig ; Traducción y nota preliminar de Ricardo Baeza. |
| 264 | 1 |
_aMadrid : _bBiblioteca nueva, _c1930. |
|
| 300 |
_a313 páginas : _bil. ; _c19 cm |
||
| 336 |
_atext _2rdacontent |
||
| 337 |
_aunmediated _2rdamedia |
||
| 338 |
_avolume _2rdacarrier |
||
| 505 | 0 | _aJerusalén. -El llamamiento. -El mensaje. -El nublado. -La lucha. -El suplicio. | |
| 526 | _aSEG42 | ||
| 526 | _aSEG41 | ||
| 526 | _aSEG40 | ||
| 526 | _aSEG39 | ||
| 526 | _aP94 | ||
| 526 | _aP87 | ||
| 526 | _aP86 | ||
| 526 | _aP85 | ||
| 526 | _aP77 | ||
| 526 | _aP76 | ||
| 526 | _aP35 | ||
| 600 | 1 | _aJesucristo | |
| 910 |
_ajck _bjvq _cjck _d20150616 |
||
| 942 |
_2ddc _cBOOK |
||
| 949 |
_a232.9 L96 _wDEWEY _c1 _i11357 _lCCODEBUL1 _mBUL _p00.00 _r0 _sY _tBOOK _u2015-04-21 _xTEOLOGIA _PP35 _0COMPRA _o.STAFF. Colección General |
||
| 994 |
_aC0 _bPEPRU |
||
| 596 | _a1 | ||
| 999 |
_a232.9 L96 _wDEWEY _c4236 _i11357 _f2021-11-11 _g5 _lCCODEBUL1 _mBUL _r0 _sY _tBOOK _u2015-4-21 _xTEOLOGIA _PP35 _0COMPRA _o.STAFF. Colección General _d4236 |
||
| 980 |
_81 _gALBERTO SANCHEZ Responsable de Automatización |
||